Zaměstnavatelsky sponzorované zaměstnanecké penzijní systémy

Dôvody pre zriadenie zamestnaneckých dôchodkových fondov a ich formy. Postup vytvorenia systému zamestnaneckých dôchodkov. Oddelenie dôchodkového majetku od majetku zamestnávateľa. Zastúpenie v riadiacich orgánoch. Tvorba dávok a nástroje financovania. Zdanenie príspevkov, dávok a investičných výnos...

Descrizione completa

Salvato in:
Dettagli Bibliografici
Autore principale: Samek, Vít
Natura: Capitolo di libro
Lingua:ceco
Soggetti:
Tags: Aggiungi Tag
Nessun Tag, puoi essere il primo ad aggiungerne!!

MARC

LEADER 00000naa a2200000 4500
001 r037745
005 20230913071558.9
041 0 |a cze 
044 |a CZ 
245 1 0 |a Zaměstnavatelsky sponzorované zaměstnanecké penzijní systémy  |c Vít Samek 
520 |a Dôvody pre zriadenie zamestnaneckých dôchodkových fondov a ich formy. Postup vytvorenia systému zamestnaneckých dôchodkov. Oddelenie dôchodkového majetku od majetku zamestnávateľa. Zastúpenie v riadiacich orgánoch. Tvorba dávok a nástroje financovania. Zdanenie príspevkov, dávok a investičných výnosov. Investície penzijného fondu. Ochrana práv členov. Regulácia a kontrola zamestnaneckých dôchodkov. 
610 2 0 |a fond poistenia dôchodkového 
610 2 0 |a poistenie dôchodkové 
610 2 0 |a zamestnávatelia 
610 2 0 |a sponzorovanie 
610 2 0 |a zamestnanci 
610 2 0 |a porovnanie medzinárodné 
100 1 |a Samek, Vít